书目信息 |
| 题名: |
超临界流体萃取的原理和应用
|
|
| 作者: | 陈维枢 编著 | |
| 分册: | ||
| 出版信息: | 北京 化学工业出版社 1998 |
|
| 页数: | 204 | |
| 开本: | 20cm | |
| 丛书名: | 化学工程新技术丛书 | |
| 单 册: | ||
| 中图分类: | TQ420.6 | |
| 科图分类: | ||
| 主题词: | 化学试剂--生产 , 高纯物质--生产 | |
| 电子资源: | ||
| ISBN: | 7-5025-2115-1 | |
| 000 | 00671nam0 2200217 450 | |
| 001 | 0754114953 | |
| 005 | 20070929150154.95 | |
| 010 | @a7-5025-2115-1 | |
| 100 | @a20070929d km y0chiy0120 ea | |
| 101 | 0 | @achi |
| 200 | 1 | @a超临界流体萃取的原理和应用@Achao lin jie liu ti cui qu de yuan li he ying yong@f陈维枢 编著@Fchen wei shu bian zhu |
| 210 | @a北京@c化学工业出版社@d1998 | |
| 215 | @a204@c插图@d20cm | |
| 225 | 2 | @a化学工程新技术丛书 |
| 410 | 0 | @12001 @a化学工程新技术丛书 |
| 606 | 0 | @a化学试剂@x生产 |
| 606 | 0 | @a高纯物质@x生产 |
| 690 | @aTQ420.6@v3 | |
| 701 | 0 | @a陈维枢@Achen wei shu@4编著 |
| 801 | 0 | @aCN@bPFT@c20070929 |
| 905 | @a213230@dTQ420.6@eh88@f1 | |
| 超临界流体萃取的原理和应用/陈维枢 编著.-北京:化学工业出版社,1998 |
| 204:插图;20cm.-(化学工程新技术丛书) |
| ISBN 7-5025-2115-1: |
| ● |
| 相关链接 |
|
|
|
|
正题名:超临界流体萃取的原理和应用
索取号:TQ420.6/h88
 
预约/预借
| 序号 | 登录号 | 条形码 | 馆藏地/架位号 | 状态 | 备注 |
| 1 | 6001240 | 260012408 | 密集书库-化学系/ [索取号:TQ420.6/h88] | 在馆 |